ʻIlm-i majilsī. (Record no. 67830)

MARC details
000 -LEADER
fixed length control field 00551cam a22002291 4500
001 - CONTROL NUMBER
control field sa 66001461
003 - CONTROL NUMBER IDENTIFIER
control field DLC
005 - DATE AND TIME OF LATEST TRANSACTION
control field 20260227112222.0
008 - FIXED-LENGTH DATA ELEMENTS--GENERAL INFORMATION
fixed length control field 890227s1962 xx 000 0 urd
010 ## - LIBRARY OF CONGRESS CONTROL NUMBER
LC control number sa 66001461
035 ## - SYSTEM CONTROL NUMBER
System control number (OCoLC)23574384
040 ## - CATALOGING SOURCE
Original cataloging agency DLC
Transcribing agency MiU
Modifying agency DLC
042 ## - AUTHENTICATION CODE
Authentication code premarc
050 00 - LIBRARY OF CONGRESS CALL NUMBER
Classification number PK2182
Item number .A95
100 0# - MAIN ENTRY--PERSONAL NAME
Personal name Aziz-Ur-Rahman
Relator term comp.
245 10 - TITLE STATEMENT
Title ʻIlm-i majilsī.
260 ## - PUBLICATION, DISTRIBUTION, ETC.
Date of publication, distribution, etc. [1962]
300 ## - PHYSICAL DESCRIPTION
Extent 8 v. in 1.
Dimensions 22 cm.
500 ## - GENERAL NOTE
General note In Urdu.
500 ## - GENERAL NOTE
General note Text partially vocalized.
650 #0 - SUBJECT ADDED ENTRY--TOPICAL TERM
Topical term or geographic name entry element Urdu literature

No items available.

Powered by Koha